LEADER 00945nam a2200241 i 4500 001 000000169681 003 CaOOAMICUS 005 20251106091715.0 008 160622s2016 it u000 u ita u 013 $a147084 040 $aSeMil$bita 100 1 $aGuareschi, Giovannino,$d<1908-1968>.$0(OLS)http://semarc/name/19347 245 12$aL'anno di don Camillo /$cGiovannino Guareschi. 264 1$aMilano :$bSan Paolo,$c2016. 300 $a421 p. :$bill. ;$c21 cm. 490 1 $aLa saga di don Camillo e Peppone ;$v6 830 3$aLa saga di don Camillo e Peppone ;$v6.$0(OLS)http://semarc/title/44897 850 $aSeMil 852 $aSeMil$W1$xVenegono$y1$m1A II 127/6$j120591$B120591$CSeMilBibl$Z2$F132030 $81 961 $aOmaggio: Pontiggia don Virginio 996 $6245$aL'anno di don Camillo$9(OLS)http://semarc/title/242646 996 $6264$aMilano :$bSan Paolo$9(OLS)http://semarc/publisher/31226 LEADER 00753nam a2200169 i 4500 001 000000023127 003 CaOOAMICUS 005 20180830125446.0 008 180830s1938 it u000 u ita u 040 $aSeMil$bita 100 1 $aGiocondo : di Maria.$0(OLS)http://semarc/name/10318 245 10$aMedita :$braccolta di pensieri per facilitare ai giovani la meditazione /$cfr. Giocondo di Maria delle Scuole Cristiane. 260 $aTorino :$bCasa Editrice A. & C.,$cnulla osta 1938. 300 $av. ;$c14 cm. 774 0 $aGiocondo : di Maria$tVol. 1.$w()199799 996 $6245$aMedita :$braccolta di pensieri per facilitare ai giovani la meditazione$9(OLS)http://semarc/title/30995 996 $6260$aTorino :$bCasa Editrice A. & C.$9(OLS)http://semarc/publisher/35838